Etiqueta de registo: 00254nam 2200025 450
001 2283989
003 http://id.bnportugal.gov.pt/bib/catbnp/2283989
010 ## $a978-972-0-73083-1
021 ## $aPT$b551582/25
100 ## $a20260409d2026 b y0pory01030103ba
101 0# $apor
102 ## $aPT
105 ## $aa z 000yy
106 ## $ar
200 1# $a Os números - splash!$fLeanne Felton$gil. Clémentine Derodit$gadapt. Sónia Peixoto da Silva
205 ## $a1ª ed
210 #9 $aPorto$cPorto Editora,$d2026
215 ## $a[8] p.$cil.$d20 cm
675 ## $a087.5$vBN$zpor$3287999
700 #1 $aFelton,$bLeanne$31995172
701 #1 $aDérodit,$bClémentine$4440$31727973
702 #1 $aSilva,$bSónia Peixoto da$4010$31867509
801 #0 $aPT$bBN$gRPC
856 41 $uhttp://rnod.bnportugal.gov.pt/ImagesBN/winlibimg.aspx?skey=&doc=2283989&img=221589&save=true
900 ## $aBIBNAC$d20260506
966 ## $lBN$mFGMON$sP. 30935 P.$x1
966 ## $lBN$mFGMON$sP. 30935 P.-D$x1
971 ## $cisantos$d20260409
972 ## $e0$z0$d20260506$vlrevez
973 ## $csteixeira$d20260422
975 ## $e0$d20260518$viquintas
Etiqueta de registo: 00254nam 2200025 450
001 2284069
003 http://id.bnportugal.gov.pt/bib/catbnp/2284069
010 ## $a978-972-0-73084-8
021 ## $aPT$b551581/25
100 ## $a20260410d2026 b y0pory01030103ba
101 0# $apor
102 ## $aPT
105 ## $aa z 000yy
106 ## $ar
200 1# $a Os opostos - roar!$fLeanne Felton$gil. Clémentine Derodit$gadapt. Sónia Peixoto da Silva
205 ## $a1ª ed
210 #9 $aPorto$cPorto Editora,$d2026
215 ## $a[8] p.$cil.$d20 cm
675 ## $a087.5$vBN$zpor$3287999
700 #1 $aFelton,$bLeanne$31995172
701 #1 $aDérodit,$bClémentine$4440$31727973
702 #1 $aSilva,$bSónia Peixoto da$4010$31867509
801 #0 $aPT$bBN$gRPC
856 41 $uhttp://rnod.bnportugal.gov.pt/ImagesBN/winlibimg.aspx?skey=&doc=2284069&img=221595&save=true
900 ## $aBIBNAC$d20260506
966 ## $lBN$mFGMON$sP. 30934 P.$x1
966 ## $lBN$mFGMON$sP. 30934 P.-D$x1
971 ## $cabrito$d20260410
972 ## $e0$z0$d20260506$vlrevez
973 ## $caalmeid$d20260422
975 ## $e0$d20260518$viquintas